000 00879nam a2200253 a 4500
001 53648
003 BD-RjUL
005 20211209080009.0
008 161020s1979 bg ||||| |||| 00| 0 ben d
020 _c: TK 100.00
035 _a(BD-RjUL)53770
040 _aBD-RjUL
_bben
_cBD-RjUL
041 _aben
082 _223
_a398.2
_bHOJ 1979
100 _aহোসেন, হোসেনউদ্দীন
_9145439
245 1 0 _aযশোর জেলার কিংবদন্তী /
_cহোসেনউদ্দীন হোসেন
250 _a১ম সং.
260 _aঢাকা :
_bবুক সোসাইটি,
_c১৯৭৯ [১৩৮৬]
300 _aখণ্ড. ;
_c২১ সেমি.
505 0 _aখণ্ড ২ --
650 _aফোক সাহিত্য
_9160317
650 _aFolk Literature
_9160318
942 _2ddc
_cBK
999 _c53648
_d53648